| 000 | 00559nam a2200181 i 4500 | ||
|---|---|---|---|
| 001 | 20272 | ||
| 003 | ES-MaACL | ||
| 005 | 20230906152252.0 | ||
| 007 | t| | ||
| 008 | 021111s1885 sp ||||1| spa d | ||
| 100 | 1 |
_aAguirre y Barrio, Juan. _918891 |
|
| 245 | 1 | 0 |
_aMortalidad en la primera infancia _b: sus causas y medios de atenuarlas / _cpor Juan Aguirre y Barrio. |
| 260 |
_aMadrid : _b[s.n., _c1885] ( _fTip. Hispano-Americana) |
||
| 300 |
_a259 p. ; _c20 cm. |
||
| 852 |
_aES-MaACL _jD-792 |
||
| 852 |
_aES-MaACL _jG-13885 |
||
| 852 |
_aES-MaACL _jG-7599 |
||
| 999 |
_c20272 _d20272 |
||